000
00401nam a2200133Ia 4500
008
100328s9999 xx 000 0 und d
082
_b
46806
100
_a
लळिंगकर योगिनी
245
_a
स्वप्नपूर्ती
260
_b
अंजनी
630
_a
स्वप्नपूर्ती
730
_a
स्वप्नपूर्ती
942
_c
BOOK
999
_c
534718
_d
534715